Fully progressive taxation (Registro nro. 25647)

Detalles MARC
000 -LEADER
fixed length control field 00350 a2200121 4500
001 - CONTROL NUMBER
control field ART_11573
005 - DATE AND TIME OF LATEST TRANSACTION
control field 20260410161858.0
008 - FIXED-LENGTH DATA ELEMENTS--GENERAL INFORMATION
fixed length control field 260409a
100 1# - MAIN ENTRY--PERSONAL NAME
Personal name Dasgupta, Partha
245 10 - TITLE STATEMENT
Title Fully progressive taxation
700 1# - ADDED ENTRY--PERSONAL NAME
Personal name Hammond, Peter
773 0# - HOST ITEM ENTRY
Title Journal of public economics
Related parts - Vol. 13, Nº 2 (abr. 1980)
Record control number REV11485

No hay ítems disponibles.